Normal view
MARC view
- MS-EM-7 MSTHESIS
Entry Topical Term
001 - CONTROL NUMBER
- control field: 69831
003 - CONTROL NUMBER IDENTIFIER
- control field: NUST
005 - DATE AND TIME OF LATEST TRANSACTION
- control field: 20210628204314.0
008 - FIXED-LENGTH DATA ELEMENTS
- fixed length control field: 210628|| aca||aabn | a|a d
040 ## - CATALOGING SOURCE
- Original cataloging agency: NUST
- Transcribing agency: NUST
150 ## - HEADING--TOPICAL TERM
- Topical term or geographic name entry element: MS-EM-7 MSTHESIS
670 ## - SOURCE DATA FOUND
- Source citation: Work cat.: (NUST): AMJAD MEHMOOD 69830, TH-SOF-1301-Unified Enterprise Modeling Technique and Taguchi Method to Study and Improve Metal- Non-metal Bonding Process, 2016
